01606nam a2200373 c 450000100060000000300100000600500170001600700030003300800410003602000180007704000350009504100080013004300120013808200240015010000510017424501870022525000220041226400650043430000420049933600270054133700330056833800280060149000220062950502710065152100410092265000480096365000380101165000430104965000430109271000260113571000420116194200120120399900170121557680CO-BoRNBP20250722154336.0ta231010s2022 ck a g 001 0 spa  a9789585105867 aCO-BoRNBPbspaerdacCO-BoRNBP0 hspa as-ck---04a025.21874bS14c222 aSaldarriaga Gutierrez, Sebastiáneaut95892210aCómo gestionar los recursos bibliotecarios :bguía práctica para bibliotecas vivas /cSebastián Saldarriaga Gutierrez, Ministerio de Cultura, Biblioteca Nacional de Colombia. aPrimera edición 1aBogotá, Colombia :bBiblioteca Nacional de Colombia,c2022 a33 páginas :bilustraciones a color atextobtxt2rdacontent asin mediaciónbn2rdamedia avolumenbnc2rdacarrier0 aBibliotecas vivas0 aLa gestión de los recursos bibliotecarios. -- Salas y colecciones. -- Clasificación e integración de nuevo material bibliográfico. -- Descarte de material bibliográfico en 5 pasos. -- Organización del espacio. -- Ejercicios de apropiación de contenidos aRecomendado para un público adulto07aAdministración de bibliotecas2lemb9191207aBibliotecas publicas2lemb92241507aDesarrollo de colecciones2lemb95892307aRecursos de información2lemb958924 aMinisterio de Cultura2 aBiblioteca Nacional de Colombia91889 2ddccBK c57680d57680